00627 a2200169 4500010001400000020002300014035001300037037001600050082001200066100001900078245006700097260009200164270004500256300003100301490007300332500005200405 aENG-88895 c270.00a8186514104 aEN-72428 bDBAD / PUB14a621.362 aHradaynath, R.1 aAn introduction to night vision technology /cby R. Hradaynath aNew DelhibDefence Research & Development Organisation(DRDO), Ministry of Defencec2002 aMinistry of Defence,bNew Delhie110 011 axiii, 165p. :c23cm (pbk) aDRDO monographs/special publications series/edited by Mohinder Singh aIncludes bibliographical references and index